000 nam a22 i 4500
999 _c21713
_d21713
003 WA 310
005 20180319132005.0
008 180319b2008 sz a fou |000 0 eng d
040 _aWA 310/bw
_cWA 310/bw
041 0 _aeng
245 0 0 _aInformation technology - Security techniques - Key management - Part 2: Mechanisms using symmetric techniques =
_bTechnologies de l'information - Techniques de sécurité - Gestion de clés - Partie 2: Mécanismes utilisant des techniques symétriques ISO/IEC 11770-2:2008(E) /
_cISO, IEC.
246 1 3 _aISO/IEC 11770-2
246 1 3 _aICS 35.040
246 3 1 _aTechnologies de l'information - Techniques de sécurité - Gestion de clés - Partie 2: Mécanismes utilisant des techniques symétriques
250 _aSecond edition.
260 _aGeneva :
_bISO :
_bIEC,
_c2008.
300 _aIV, 27 :
_bilustracje ;
_c30 cm.
336 _aTekst
_btxt
_2rdacontent
337 _aKomputer
_bc
_2rdamedia
338 _aDokument online
_bcr
_2rdacarrier
504 _aBibliografia na stronie 27.
530 _aDostępne wyłącznie w formie elektronicznej.
538 _aTryb dostępu: online.
710 2 _91112
_aMiędzynarodowa Organizacja Normalizacyjna.
_eWydawca
_4pbl
710 2 _91113
_aInternational Electrotechnical Commission.
_eWydawca
_4pbl
942 _2ddc
_cBK